Chronicle Anthropology: (Record no. 209363)

MARC details
000 -LEADER
fixed length control field 00621nam a22001937a 4500
005 - DATE AND TIME OF LATEST TRANSACTION
control field 20250430111746.0
010 ## - LCCN (DPL NO)
LC control number ENG-144735
020 ## - INTERNATIONAL STANDARD BOOK NUMBER
International Standard Book Number 9788197146909
Terms of availability 625.00
035 ## - SYSTEM CONTROL NUMBER
System control number EN-128267
037 ## - SOURCE OF ACQUISITION
Source of stock number/acquisition DBAD
082 ## - DEWEY DECIMAL CLASSIFICATION NUMBER
Classification number 301
245 ## - TITLE STATEMENT
Title Chronicle Anthropology:
Remainder of title IAS Mains PYQ Solved papers 2013-2023/
Statement of responsibility, etc Edited by N.N. Ojha
260 ## - PUBLICATION, DISTRIBUTION, ETC. (IMPRINT)
Place of publication, distribution, etc Noida
Name of publisher, distributor, etc Chronicle Publication
Date of publication, distribution, etc 2024
270 ## - ADDRESS
Address A-27D, Sector 16
City Noida
Postal code 201301
Telephone number 0120-2514610/12
Electronic mail address info@chronicleindia.in
300 ## - PHYSICAL DESCRIPTION
Extent 544 Pages.
Dimensions 28cm(pbk)
500 ## - GENERAL NOTE
General note UPSC & STATE PSCs
700 ## - ADDED ENTRY--PERSONAL NAME
Personal name Ojha, N.N.
9 (RLIN) 77953
942 ## - ADDED ENTRY ELEMENTS (KOHA)
Source of classification or shelving scheme Dewey Decimal Classification
Item type English Books
Classification part 301
Call number suffix CHR
Holdings
Withdrawn status Lost status Not for loan Collection code Home library Current library Date acquired Source of acquisition Cost, normal purchase price Full call number Barcode Copy number Cost, replacement price Koha item type
      Non-fiction Mobile Library Mobile Library 30/04/2025 Delivery of Books Act Division 625.00 301 CHR EN-128267 1 625.00 English Books

© Delhi Public Library
Hit Counter
free hit counter